000 00549nam a2200181Ia 4500
008 100917s9999 xx 000 0 und d
082 _b11674
100 _aहसमनीस द. का.
245 _aसोन्याची पाऊले
260 _bयुवराज प्रकाशन
_c1973
300 _a148
365 _b8
520 _aकादंबरी
630 _aसोन्याची पाऊले
650 _aकादंबरी
730 _aसोन्याची पाऊले
942 _cBOOK
999 _c617068
_d617065